000 00553nam a22001937a 4500
999 _c442609
_d442609
003 UA-OsUOA
005 20191024115909.0
008 191024b un ||||| |||| 00| 0 ukr d
040 _aUA-OsUOA
_bukr
_cUA-OsUOA
_dUA-OsUOA
041 _aukr
080 _a821.161.1
090 _a821.161.1
_bО-44
100 _aОдоевский В
245 _aИзбранные статьи
_cВ. Ф. Одоевский
260 _aМосква
_bМузыкальное издательство
_c1951
300 _a115 с.
942 _2udc
_cBK
955 _a3